banner koha

Aspectos fitossanitarios da cultura do tomate no submedio Sao Francisco (Registro n. 59263)

MARC details
000 -LÍDER
campo de controle de tamanho fixo 01042nam a22003497a 4500
001 - NÚMERO DE CONTROLE
campo de controle BR9802153
003 - IDENTIFICADOR DO NÚMERO DE CONTROLE
campo de controle BR-BrBNA
005 - DATA E HORÁRIO DA ÚLTIMA TRANSAÇÃO
campo de controle 20230928095907.0
007 - CAMPO FIXO DE DESCRIÇÃO FÍSICA--INFORMAÇÃO GERAL
campo de controle de tamanho fixo ta
008 - CAMPO DE DADOS FIXOS--INFORMAÇÃO GERAL
campo de controle de tamanho fixo 230509b bl.||||| |||| 00| 0 por d
040 ## - FONTE DA CATALOGAÇÃO
Instituição da catalogação original BR-BrBNA
Idioma da catalogação por
Instituição que transcreveu o registro Biblioteca Nacional de Agricultura
041 ## - CÓDIGO DE IDIOMA
Código do idioma do texto/trilha sonora ou título diferente (Por)
072 ## - CÓDIGO DE CATEGORIA DE ASSUNTO
Código de Categoria de Assunto H10; H20
Código do objeto 1850
090 ## - NÚMERO DE CHAMADA LOCAL
-- 1850 BR9802153
100 1# - ENTRADA PRINCIPAL--NOME PESSOAL
Nome pessoal Menezes, A.M.B.
100 1# - ENTRADA PRINCIPAL--NOME PESSOAL
Nome pessoal Almeida, J.E.S.
100 1# - ENTRADA PRINCIPAL--NOME PESSOAL
Nome pessoal Cardoso, J.S.
100 1# - ENTRADA PRINCIPAL--NOME PESSOAL
Nome pessoal Fonseca, N.G. da
100 1# - ENTRADA PRINCIPAL--NOME PESSOAL
Nome pessoal Andrade, V.M.R.
110 1# - ENTRADA PRINCIPAL--NOME CORPORATIVO
Nome corporativo ou nome da jurisdição Ministerio da Agricultura e Reforma Agraria, Recife, PE (Brasil). Diretoria Federal de Agricultura em Pernambuco
9 (RLIN) 6741
245 1# - TÍTULO
Título Aspectos fitossanitarios da cultura do tomate no submedio Sao Francisco
260 3# - PUBLICAÇÃO, DISTRIBUIÇÃO, ETC.
Local de publicação, distribuição, etc. Recife, PE (Brasil):
Data da publicação, distribuição, etc. 1991.
300 ## - DESCRIÇÃO FÍSICA
Extensão 53 p.
500 ## - NOTA GERAL
Nota geral 27 illus.; 41 ref.
650 ## - ASSUNTO--TERMO TÓPICO
Cabeçalho tópico ou nome geográfico Tomate
650 ## - ASSUNTO--TERMO TÓPICO
Cabeçalho tópico ou nome geográfico Praga de Planta
650 ## - ASSUNTO--TERMO TÓPICO
Cabeçalho tópico ou nome geográfico Acaro
650 ## - ASSUNTO--TERMO TÓPICO
Cabeçalho tópico ou nome geográfico Doenca de Planta
650 ## - ASSUNTO--TERMO TÓPICO
Cabeçalho tópico ou nome geográfico Tratamento Fitossanitario
909 ## -
-- 202309
-- Lucia
-- 55
-- Lucia Elande
942 ## - ELEMENTOS DE ENTRADA ADICIONADOS (KOHA)
Tipo de material Koha Livros
Exemplares
Situação do descarte Fonte da classificação ou esquema de arquivamento na estante Situação física Não pode ser emprestado Coleção Biblioteca de origem Biblioteca atual Total de empréstimos Número de telefone completo Código de barras Data de último acesso Número do exemplar Tipo de material Koha Situação das perdas Data de aquisição Fonte de aquisição
  Classificação AGRIS       Biblioteca Nacional de Agricultura - Binagri Biblioteca Nacional de Agricultura - Binagri   1850 BR9802153 1850 BR9802153 25/09/2023 01 Livros   2023-09-25 Portaria Interministerial nº 164/94

BINAGRI

Telefone: (61)3218-2567/2388/3357/2097 - binagri@agro.gov.br

Ministério da Agricultura e Pecuária , Esplanada dos Ministérios, Bloco D, Anexo B, Brasília/DF, CEP: 70.043-900